000 00427nam a2200157 4500
001 111049
003 ES-MaACL
007 t|
008 061121s1967 mx r ||||1| spa d
100 1 _aOjeda, Jorge Arturo.
_986605
245 1 0 _aComo la ciega mariposa /
_cJorge Arturo Ojeda.
250 _a1ª. ed.
260 _aMéxico :
_bJoaquín Mortiz,
_c1967.
300 _a134 p. ;
_c18 cm.
852 _aES-MaACL
_jE-9629
_bR.94157
999 _c111049
_d111049